[Event "ICS Rated blitz match"]
[Site "207.99.83.227"]
[Date "1999.03.18"]
[Round "?"]
[White "JudgeTurpin"]
[Black "Hossa"]
[Result "1-0"]
[WhiteElo "2462"]
[BlackElo "2414"]
[PlyCount "127"]

1. Nf3 Nc6 2. d4 d5 3. c4 e6 4. cxd5 exd5 5. e3 Bb4+ 6. Bd2 Bxd2+ 7. Nbxd2 Nge7
8. Be2 Qd6 9. O-O O-O 10. Rc1 Qg6 11. Qb3 Rb8 12. Bb5 Bh3 13. Ne1 Rfd8 14. Be2
Re8 15. Bf3 Be6 16. Nd3 Qg5 17. Rfe1 Kh8 18. Qd1 Bf5 19. Nb3 Bxd3 20. Qxd3 Nb4
21. Qb5 Nbc6 22. Nc5 a6 23. Qa4 Qh6 24. Qb3 Na5 25. Qb4 Nac6 26. Qc3 Nd8 27.
Qb3 Qd6 28. a3 c6 29. Qb4 a5 30. Qb3 Ne6 31. Qc2 Nxc5 32. dxc5 Qf6 33. e4 Rbd8
34. exd5 Nxd5 35. Qb3 Re7 36. Rcd1 Rde8 37. Rxe7 Qxe7 38. g3 Nf6 39. Qc2 Qe6
40. Qd2 Qf5 41. Qc3 Ng4 42. Bxg4 Qxg4 43. Re1 Rb8 44. Qxa5 Qd7 45. Qb4 Rf8 46.
Qe4 Kg8 47. Qe7 Qd2 48. b4 f6 49. Qe6+ Kh8 50. Qe3 Qd8 51. h4 Qa8 52. h5 Rg8
53. h6 gxh6 54. Qe7 Rf8 55. Rd1 Qe8 56. Qxb7 Rf7 57. Qb6 Rd7 58. Rd6 Qe1+ 59.
Kg2 Qe4+ 60. Kh2 Rxd6 61. cxd6 Qe8 62. Qd4 Qd8 63. d7 h5 64. b5 {Hossa resigns}
1-0

[Event "ICS rated bullet match"]
[Site "207.99.83.227"]
[Date "1999.03.18"]
[Round "?"]
[White "Hossa"]
[Black "DrViagra"]
[Result "1-0"]
[WhiteElo "2357"]
[BlackElo "2228"]
[PlyCount "67"]

1. e4 e5 2. Nf3 f5 3. exf5 e4 4. Nd4 Nf6 5. Be2 d5 6. Bh5+ Kd7 7. Ne6 Qe7 8.
O-O c6 9. d3 g6 10. Nxf8+ Rxf8 11. fxg6 hxg6 12. Bxg6 Rg8 13. Bf5+ Kc7 14. Bf4+
Kb6 15. dxe4 Nxe4 16. Qd4+ Ka6 17. Qa4+ Kb6 18. Bxc8 Rxc8 19. b4 a5 20. Be3+
Kc7 21. bxa5 b5 22. axb6+ Kb7 23. Qd4 Rg8 24. f3 Nf6 25. Re1 Nbd7 26. Qb2 Qg7
27. Re2 Qg6 28. Bd4 Ra4 29. Bxf6 Nxf6 30. Re7+ Kb8 31. Qe5+ Ka8 32. b7+ Ka7 33.
b8=Q+ Ka6 34. Ra7# {DrViagra checkmated} 1-0

[Event "ICS rated bullet match"]
[Site "207.99.83.227"]
[Date "1999.03.18"]
[Round "?"]
[White "Hossa"]
[Black "TDChess"]
[Result "0-1"]
[WhiteElo "2367"]
[BlackElo "2635"]
[Annotator "Crafty v16.6"]
[PlyCount "64"]

{annotating for player Hossa using a scoring margin of +0.10 pawns. search
time limit is 12.00} 1. e4 1... d5 2. exd5 Qxd5 3. Nc3 Qe6+ 4. Be2 Qg6 5. Bf3
Nc6 6. d3 ({8:+0.12} 6. d3 6... Nd4 7. Be4 f5 8. Nd5 Qc6 9. Nxe7 Nxc2+ 10. Kf1
$10) ({8:+0.53} 6. Nge2 6... Bf5 7. Nb5 Bxc2 8. Nxc7+ Kd7 9. Nf4 Qf5 10. Bg4
Bxd1 11. Bxf5+ Kxc7 12. Kxd1 $14) 6... Nd4 7. Be4 f5 8. Nd5 ({8:-0.65} 8. Nd5
8... Qc6 9. Bf4 fxe4 10. Nxc7+ Kf7 11. c3 Ne6 12. Nxa8 12... Nxf4 $15) ({
8:+0.05} 8. Bf3 8... Nxf3+ 9. Nxf3 Qxg2 10. Rg1 Qh3 11. Nd5 Kd8 12. Bf4 12...
c6 $10) 8... Qc6 9. Nxe7 ({8:-2.19} 9. Nxe7 9... Qc5 10. Nxc8 Nxc2+ 11. Kf1
fxe4 12. b4 Nxb4 13. Be3 $19) ({8:-1.47} 9. Bf4 9... fxe4 10. Nxc7+ Kf7 11. c3
exd3 12. cxd4 Qxg2 13. Qh5+ 13... g6 $17) 9... Qc5 10. Nxc8 Nxc2+ 11. Kf1 fxe4
12. Rb1 exd3 13. Qg4 ({8:-3.43} 13. Qg4 13... Nf6 14. Qh3 Qd5 15. Bf4 Kd8 16.
Rd1 Rxc8 17. Rxd3 $19) ({8:-2.82} 13. Qxd3 13... Rxc8 14. Qe4+ Ne7 15. Ne2 Qc6
16. Qe5 Kf7 17. Kg1 $19) 13... Nf6 14. Qe6+ ({7:-4.25} 14. Qe6+ 14... Kd8 15.
Nf3 Qd5 16. Qxd5+ Nxd5 17. Ne5 Kxc8 18. Nxd3 18... Bd6 $19) ({7:-3.46} 14. Qh3
14... Qb5 15. Bd2 Qd7 16. Qf3 Rxc8 17. Qxb7 $19) 14... Kd8 15. Nxa7 ({8:-4.77} 
15. Nxa7 15... Rxa7 16. Nf3 Ra6 17. Qb3 Qd5 18. Qxd5+ Nxd5 19. Ne5 19... Ndb4
$19) ({8:-4.15} 15. Nf3 $19) 15... Rxa7 16. Nf3 Qe7 17. Qxe7+ Bxe7 18. Ne5 Kc8
19. Bd2 Rd8 20. a3 Ne4 21. Rd1 Bc5 22. Ng4 h5 23. b4 Nxd2+ 24. Rxd2 Rxa3 25.
Rd1 Bd4 26. b5 hxg4 27. Rb1 Rf8 28. f3 Ra2 29. Re1 Ne3+ 30. Rxe3 Bxe3 31. g3
Rxf3+ 32. Ke1 Ra1# 0-1

[Event "ICS Rated blitz match"]
[Site "207.99.83.227"]
[Date "1999.03.18"]
[Round "?"]
[White "Hossa"]
[Black "Parsifal"]
[Result "1-0"]
[WhiteElo "2387"]
[BlackElo "2571"]
[PlyCount "53"]

1. e4 d6 2. d4 g6 3. Nf3 Bg7 4. Bc4 Nf6 5. Nc3 O-O 6. O-O Bg4 7. Be2 Nc6 8. d5
Bxf3 9. Bxf3 Ne5 10. Be2 c6 11. Be3 Qa5 12. f4 Ned7 13. f5 cxd5 14. fxg6 hxg6
15. exd5 Nb6 16. Bf3 Nc4 17. Qc1 Rac8 18. Bd4 Nh7 19. Bxg7 Kxg7 20. Rb1 b6 21.
Bg4 Rc7 22. Be2 Nxb2 23. Nb5 Na4 24. Nxc7 Qc5+ 25. Kh1 Qxc7 26. Rb4 Nc3 27. Rc4
{Parsifal resigns} 1-0

[Event "ICS rated blitz match"]
[Site "207.99.83.227"]
[Date "1999.03.18"]
[Round "?"]
[White "Parsifal"]
[Black "Hossa"]
[Result "1/2-1/2"]
[WhiteElo "2547"]
[BlackElo "2411"]
[PlyCount "84"]

1. d4 Nf6 2. c4 g6 3. Nc3 Bg7 4. e4 d6 5. Nf3 Bg4 6. Be2 O-O 7. Be3 Nc6 8. Ng1
e5 9. d5 Bxe2 10. Ngxe2 Na5 11. b3 Ng4 12. Bd2 Qh4 13. Ng3 b6 14. h3 Nxf2 15.
Kxf2 f5 16. Nce2 f4 17. Kg1 fxg3 18. Qc2 Qf6 19. Be3 Bh6 20. Qd3 Bxe3+ 21. Qxe3
Qf2+ 22. Qxf2 gxf2+ 23. Kf1 Nb7 24. Nc3 Rf7 25. Ke2 Nc5 26. Raf1 Raf8 27. b4
Na6 28. a3 Nb8 29. Nd1 c5 30. Rxf2 cxb4 31. axb4 Rxf2+ 32. Nxf2 Rc8 33. Kd3 a5
34. bxa5 bxa5 35. Ra1 Nd7 36. Rxa5 h5 37. Kc3 Rf8 38. Nd3 Nf6 39. Nf2 Nd7 40.
Nd3 Nf6 41. Nf2 Nd7 42. Nd3 42... Nf6 {Game drawn by repetition} 1/2-1/2

[Event "ICS Rated blitz match"]
[Site "207.99.83.227"]
[Date "1999.03.18"]
[Round "?"]
[White "Hossa"]
[Black "CasaNueva"]
[Result "1-0"]
[WhiteElo "2417"]
[BlackElo "2392"]
[PlyCount "97"]

1. e4 c5 2. Bc4 g6 3. Nf3 Bg7 4. O-O Nc6 5. d3 e6 6. Nc3 Nge7 7. Bg5 h6 8. Be3
Nd4 9. Bxd4 cxd4 10. Nb5 Nc6 11. Nd6+ Ke7 12. Nxc8+ Rxc8 13. Qe2 Re8 14. Bb5
Kf8 15. e5 Qb6 16. Bc4 Qc7 17. Rae1 a6 18. Qd2 b5 19. Bb3 Qb6 20. Qf4 Kg8 21.
Kh1 Na5 22. Qxd4 Qc7 23. c3 Qc5 24. Qxc5 Rxc5 25. Re4 Nxb3 26. axb3 Rec8 27.
Ra1 R5c6 28. Nd4 Rb6 29. f4 Kf8 30. b4 Ke7 31. h4 d6 32. g4 dxe5 33. fxe5 Rd8
34. Re3 Rd5 35. Nf3 h5 36. g5 Rd7 37. d4 Ra7 38. Ree1 Kd7 39. Ra5 Bf8 40. Nd2
Be7 41. Rf1 Ke8 42. Ne4 Bd8 43. Rfa1 Bc7 44. Nc5 Rc6 45. Rxb5 Bb6 46. Rxa6 Rxa6
47. Nxa6 Bxd4 48. Rb8+ Kd7 49. b5 {CasaNueva resigns} 1-0

[Event "ICS Rated blitz match"]
[Site "207.99.83.227"]
[Date "1999.03.18"]
[Round "?"]
[White "Gromit211"]
[Black "Hossa"]
[Result "1-0"]
[WhiteElo "2640"]
[BlackElo "2432"]
[Annotator "Crafty v16.6"]
[PlyCount "100"]

{annotating for player Hossa using a scoring margin of +0.10 pawns. search
time limit is 12.00} 1. d4 1... Nf6 2. c4 g6 3. g3 Bg7 4. Bg2 O-O 5. Nc3 d6 ({
9:-0.17} 5... d6 6. Nf3 Nbd7 7. O-O Nb6 8. Qd3 Bf5 9. e4 9... Bg4 $10) ({
9:-0.04} 5... Nc6 6. Nf3 Na5 7. Qd3 d5 8. cxd5 Nxd5 9. O-O Bf5 10. Ne4 $10) 6.
Nf3 Bg4 7. Ng5 Nc6 8. Bxc6 bxc6 9. h3 Bc8 10. Bf4 Nh5 11. Be3 Rb8 12. b3 e5 13.
d5 Bd7 ({8:+0.18} 13... Bd7 14. Nge4 a6 15. Bg5 Qc8 16. h4 cxd5 17. Qxd5 17...
Bg4 $10) ({8:+0.33} 13... cxd5 14. cxd5 Bb7 15. b4 c6 16. Nge4 a6 17. Qd3 17...
Qd7 $15) 14. Nge4 a6 15. Bg5 Qc8 ({8:-0.62} 15... Qc8 16. g4 Nf4 17. Nf6+ Bxf6
18. Bxf6 Qb7 19. e3 Ng2+ 20. Kf1 Qb4 21. Kxg2 21... Qxc3 $14) ({8:+0.15} 15...
f6 16. Be3 cxd5 17. Qxd5+ Rf7 18. g4 Nf4 19. Bxf4 exf4 20. e3 $10) 16. g4 Nf4
17. Bf6 Bh8 18. e3 cxd5 19. cxd5 Ng2+ 20. Kf1 Nxe3+ 21. fxe3 Rb6 22. Kg2 Bb5
23. a4 Bd7 24. Rf1 Qb7 25. Qf3 Bg7 26. Be7 Qb8 27. Bxf8 Qxf8 28. Rab1 f5 29. a5
Rb4 30. gxf5 Bxf5 31. Rb2 Qa8 32. Kh2 Qb7 33. Qf2 Rxb3 34. Rfb1 Rxb2 35. Qxb2
Qc8 36. Qb8 Qxb8 37. Rxb8+ Bf8 38. Ra8 Kf7 39. Rxa6 Ke7 40. Rc6 Kd8 41. a6 Bc8
42. a7 Bb7 43. Ng5 Be7 44. Ne6+ Ke8 45. Rxc7 Ba8 46. Rc8+ Kf7 47. Rxa8 g5 48.
Rh8 Kg6 49. a8=Q Kf5 50. Ng7+ Kg6 1-0

[Event "ICS rated blitz match"]
[Site "207.99.83.227"]
[Date "1999.03.18"]
[Round "?"]
[White "Hossa"]
[Black "Jack-Daniels"]
[Result "0-1"]
[WhiteElo "2425"]
[BlackElo "2797"]
[Annotator "Crafty v16.6"]
[PlyCount "85"]

{annotating for player Hossa using a scoring margin of +0.10 pawns. search
time limit is 12.00} 1. e4 1... c5 2. Bc4 e6 3. Nc3 Nc6 4. Nf3 d6 5. d4 cxd4 6.
Nxd4 Nf6 7. O-O Be7 8. Bb5 ({8:+0.33} 8. Bb5 8... Bd7 9. Nxc6 bxc6 10. Bc4 O-O
11. Qd4 e5 12. Qd3 $14) ({8:+0.51} 8. Nxc6 8... bxc6 9. e5 dxe5 10. Qe2 Bd6 11.
Qf3 Nd5 12. Ne4 $14) 8... Bd7 9. Nxc6 Bxc6 10. Bf4 Rc8 11. Bxc6+ Rxc6 12. Be3
O-O 13. Bxa7 ({8:-0.68} 13. Bxa7 13... b6 14. Qd3 Qd7 15. Nb5 e5 16. Rad1 16...
Qg4 $15) ({8:+0.07} 13. Qd4 13... a5 14. Rad1 d5 15. exd5 Nxd5 16. Nxd5 Qxd5
17. Qxd5 exd5 18. Rd2 $10) 13... b6 14. Qd4 ({9:-0.88} 14. Qd4 14... Nd7 15.
Qa4 Rc7 16. Rad1 Nc5 17. Qa3 Rd7 18. Rd4 $17) ({9:-0.42} 14. a4 14... Qa8 15.
Nb5 Qb7 16. Qe2 Rc5 17. b4 Re5 18. Qe3 $15) 14... Nd7 15. Rad1 Bf6 16. Qa4 Qc8
17. Qa3 Bxc3 18. bxc3 Qc7 19. e5 Nxe5 20. Rfe1 Nc4 21. Qa4 Ra8 22. Bxb6 Nxb6
23. Qb3 Rxc3 24. Qb1 Qc5 25. Rd2 Rca3 26. c3 Rxc3 27. Rb2 Rb8 28. Rb5 Qc6 29.
Rh5 Rc2 30. a3 Nd7 31. Qd1 Rbb2 32. Rf1 Rd2 33. Qa1 Qe4 34. Qc1 Rbc2 35. Qb1
Qe2 36. Rh4 d5 37. Rh3 Qe5 38. Qb7 Rxf2 39. Qc8+ Rxc8 40. Kxf2 Qd4+ 41. Re3
Rc2+ 42. Kg1 Qxe3+ 43. Kh1 0-1

[Event "ICS Rated blitz match"]
[Site "207.99.83.227"]
[Date "1999.03.18"]
[Round "?"]
[White "Hossa"]
[Black "Gromit211"]
[Result "0-1"]
[WhiteElo "2421"]
[BlackElo "2657"]
[Annotator "Crafty v16.6"]
[PlyCount "106"]

{annotating for player Hossa using a scoring margin of +0.10 pawns. search
time limit is 12.00} 1. e4 1... c5 2. Bc4 e6 3. Nc3 a6 4. d3 Nc6 5. Nf3 b5 6.
Bb3 d6 7. O-O Be7 8. Bd2 ({8:-0.02} 8. Bd2 8... Nf6 9. Qe2 e5 10. a4 b4 11. Bd5
Nxd5 12. Nxd5 $10) ({8:+0.25} 8. Qd2 8... Bf6 9. Qe2 e5 10. Be3 Bg4 11. Nd5 Nh6
12. Nxf6+ 12... Qxf6 $10) 8... Nf6 9. Qe2 O-O 10. a3 Bb7 11. a4 ({8:-0.84} 11.
a4 11... b4 12. Nd1 e5 13. Ne3 Na5 14. Bd5 Nxd5 15. Nxd5 $17) ({8:-0.48} 11.
Rfe1 11... Qd7 12. Rad1 e5 13. Nd5 Nxd5 14. exd5 Nd8 15. Qe4 $15) 11... b4 12.
Nd1 Na5 13. Ba2 Ng4 14. Ne3 ({8:-0.77} 14. Ne3 14... Nxe3 15. Qxe3 e5 16. Ng5
Qd7 17. Qf3 Bxg5 18. Bxg5 18... Qxa4 $17) ({8:-0.29} 14. Ne1 14... Ne5 15. d4
cxd4 16. Bxb4 Nac6 17. Bd2 17... Rc8 $10) 14... Nxe3 15. Qxe3 Nc6 16. b3 Rc8
17. Rac1 Bf6 18. Qf4 Ne5 19. Rce1 Re8 20. Qg3 Nxf3+ 21. Qxf3 Bd4 22. Qh5 e5 23.
Bg5 f6 24. Be3 d5 25. exd5 Qxd5 26. Qg4 Bc6 27. Bb1 Rcd8 28. Re2 h5 29. Qg6 Qf7
30. Qxf7+ Kxf7 31. Ba2 h4 32. Bxd4 cxd4 33. h3 f5 34. g3 Rd6 35. Ree1 Rh6 36.
Re2 Kf6 37. g4 fxg4 38. Kh2 Bf3 39. Ree1 gxh3 40. Kxh3 g5 41. Kh2 g4 42. Bb1
Reh8 43. Rg1 Rg6 44. a5 g3+ 45. Kh3 Bg4+ 46. Kg2 h3+ 47. Kxg3 h2 48. f3 hxg1=Q+
49. Rxg1 Bf5+ 50. Kf2 Rh2+ 51. Kf1 Bh3+ 52. Rg2 Rh1+ 53. Ke2 Rxg2# 0-1

[Event "ICS rated blitz match"]
[Site "207.99.83.227"]
[Date "1999.03.18"]
[Round "?"]
[White "Gromit211"]
[Black "Hossa"]
[Result "1-0"]
[WhiteElo "2664"]
[BlackElo "2414"]
[Annotator "Crafty v16.6"]
[PlyCount "112"]

{annotating for player Hossa using a scoring margin of +0.10 pawns. search
time limit is 12.00} 1. e4 1... d6 2. b3 Nf6 3. Nc3 g6 4. d4 Bg7 5. Bg5 O-O 6.
Nf3 c5 7. Bxf6 exf6 8. Qd2 f5 9. O-O-O cxd4 ({7:+0.48} 9... cxd4 10. Nxd4 Nc6
11. Nxc6 bxc6 12. Ne2 Qf6 13. Qd4 Qxd4 14. Nxd4 fxe4 15. Nxc6 $15) ({7:+0.81} 
9... Qa5 10. exf5 Bxf5 11. Kb1 Nc6 12. Ne2 Qxd2 13. Rxd2 Rae8 14. dxc5 14...
dxc5 $17) 10. Nxd4 fxe4 11. Nxe4 d5 12. Nf3 Qe7 13. Qxd5 Qa3+ 14. Kd2 Qxa2 ({
7:+0.79} 14... Qxa2 15. Bb5 a6 16. Ba4 Qb2 17. Rhe1 17... a5 $17) ({7:+1.21} 
14... Nc6 15. Qc5 Qxa2 16. Nd6 Rd8 17. Ke1 Bg4 18. Nxb7 Rxd1+ 19. Kxd1 $17) 15.
Nd6 Bh6+ ({7:+0.60} 15... Bh6+ 16. Ke1 Nc6 17. Bd3 Nb4 18. Qc4 Nxd3+ 19. Qxd3
Bf4 20. Qe4 $15) ({7:+0.83} 15... Nc6 16. Nxf7 Rxf7 17. Bc4 Bh6+ 18. Kc3 Qa5+
19. Qxa5 Nxa5 20. Rd8+ Kg7 21. Bxf7 21... Kxf7 $17) 16. Ke1 Qxc2 17. Bc4 Nc6
18. Nxf7 Re8+ 19. Kf1 Be6 20. Nxh6+ Kg7 21. Ne1 Bxd5 22. Nxc2 Bxc4+ 23. bxc4
Kxh6 24. h4 Rad8 25. Rxd8 Rxd8 26. Ke2 Ne5 27. Ne3 Rd4 28. Rb1 b6 29. h5 Nxc4
30. Rb4 Rd2+ 31. Ke1 Nxe3 32. Kxd2 Nd5 33. Rb5 Nc7 34. Rb3 Kxh5 35. Rh3+ Kg5
36. Rxh7 Nb5 37. Rb7 Kf5 38. Kc2 Ke6 39. Kb2 g5 40. f3 Kd5 41. Rg7 Kc4 42. Rxg5
Nd6 43. f4 Ne4 44. Rg6 Kd4 45. g4 Kc4 46. f5 Kd5 47. Re6 Nf2 48. g5 Ng4 49. Kb3
b5 50. Kb4 Ne5 51. g6 Nf3 52. g7 Nd4 53. g8=Q Nc2+ 54. Kc3 b4+ 55. Kxc2 Kc5 56.
Kb3 Kd5 1-0

[Event "ICS Rated blitz match"]
[Site "207.99.83.227"]
[Date "1999.03.18"]
[Round "?"]
[White "Hossa"]
[Black "Gromit211"]
[Result "1/2-1/2"]
[WhiteElo "2408"]
[BlackElo "2670"]
[PlyCount "201"]

1. e4 c6 2. Nc3 d5 3. exd5 cxd5 4. Nf3 e6 5. Be2 Nf6 6. O-O Nc6 7. Bb5 Bd7 8.
Bxc6 Bxc6 9. Ne5 d4 10. Nxc6 bxc6 11. Na4 Qa5 12. b3 Bd6 13. Bb2 Qe5 14. f4 Qd5
15. c4 dxc3 16. Bxc3 Qf5 17. Qb1 Qxb1 18. Raxb1 O-O 19. Bxf6 gxf6 20. Rbc1 Rac8
21. d4 f5 22. Nc5 Rfe8 23. b4 Rc7 24. Rc3 Rd8 25. Nd3 Be7 26. Rc4 Rdc8 27. Kh1
Rb7 28. a3 Rb6 29. Rf3 h6 30. Ne5 a5 31. Rfc3 axb4 32. Rg3+ Kh7 33. axb4 Rxb4
34. Rxb4 Bxb4 35. Nxf7 Ra8 36. h4 Ra1+ 37. Kh2 Rd1 38. Re3 Rxd4 39. Rxe6 Rxf4
40. g3 Rg4 41. Nxh6 Rg6 42. Nf7 Rxe6 43. Ng5+ Kg6 44. Nxe6 Bd6 45. Kg2 c5 46.
Kf2 c4 47. Kf3 c3 48. Nd4 Be5 49. Nc2 Bc7 50. Kg2 Bb6 51. Kh3 Kh5 52. Ne1 Bd4
53. Nc2 Bc5 54. Ne1 Be3 55. Nc2 Ba7 56. Na3 Bc5 57. Nc2 Bd6 58. Nd4 Be5 59. Nc2
Kg6 60. g4 fxg4+ 61. Kxg4 Bd6 62. Nd4 Bc5 63. h5+ Kh6 64. Nc2 Kg7 65. Kg5 Bf2
66. Kf5 Kh6 67. Kg4 Bg1 68. Kh4 Bb6 69. Kg4 Bf2 70. Nb4 Be3 71. Nc2 Bc5 72. Kh4
Bg1 73. Kg4 Bb6 74. Kh4 Bd8+ 75. Kg4 Bg5 76. Nd4 Bf6 77. Nf5+ Kh7 78. Ne3 Bg7
79. Kh4 Bh6 80. Nc2 Bf4 81. Kg4 Bd6 82. Kg5 Bf8 83. Ne1 Be7+ 84. Kg4 Kh6 85.
Nc2 Bd6 86. Ne3 Bc7 87. Nf5+ Kh7 88. Nd4 Be5 89. Nc2 Bh2 90. Kg5 Bc7 91. Nd4
Be5 92. Ne2 c2 93. Nc1 Bb2 94. Ne2 Kg7 95. h6+ Kh8 96. Kg6 Kg8 97. h7+ Kh8 98.
Kf5 Kxh7 99. Ke4 Kg6 100. Kd3 c1=Q 101. Nxc1 {
Game drawn because neither player has mating material} 1/2-1/2

[Event "ICS Rated blitz match"]
[Site "207.99.83.227"]
[Date "1999.03.18"]
[Round "?"]
[White "Gromit211"]
[Black "Hossa"]
[Result "1/2-1/2"]
[WhiteElo "2660"]
[BlackElo "2418"]
[PlyCount "147"]

1. c4 e5 2. Nc3 Nf6 3. Nf3 Nc6 4. a3 d6 5. d4 Nxd4 6. Nxd4 exd4 7. Qxd4 Be7 8.
e4 Ng4 9. Nd5 Bf6 10. Nxf6+ Qxf6 11. Qxf6 Nxf6 12. Bd3 O-O 13. Bg5 Nxe4 14.
Bxe4 Re8 15. f3 f5 16. O-O fxe4 17. Rae1 Bf5 18. Re3 h6 19. fxe4 Bxe4 20. Rfe1
Bc6 21. Be7 a5 22. b3 b5 23. cxb5 Bxb5 24. Re4 a4 25. R4e3 axb3 26. Rxb3 Bc4
27. Rb7 Rac8 28. Rbb1 Kf7 29. Bh4 Rxe1+ 30. Bxe1 Ke6 31. Rc1 Kd5 32. Rd1+ Kc5
33. Bf2+ Kc6 34. Be3 Ra8 35. Bd4 Rxa3 36. Bxg7 h5 37. h4 Rg3 38. Bf6 Bd5 39.
Rd2 Be4 40. Bg5 Kc5 41. Kf1 Rg4 42. Kg1 Kc4 43. Be3 Kc3 44. Rf2 Rxh4 45. Bd2+
Kc4 46. Be3 Rg4 47. Rd2 d5 48. Ba7 h4 49. Kh2 Rg3 50. Bb8 Kc3 51. Re2 Kd3 52.
Ra2 Rg7 53. Ba7 c6 54. Kh3 Rh7 55. Ra6 Rh6 56. Ra1 Bf5+ 57. g4 Bd7 58. Ra3+ Kc4
59. Ra4+ Kb5 60. Ra1 Rg6 61. Rg1 Bxg4+ 62. Rxg4 Rxg4 63. Kxg4 Kc4 64. Bf2 d4
65. Bxh4 Kb3 66. Kf3 Kc3 67. Bf6 Kd3 68. Kf4 c5 69. Ke5 Kc4 70. Ke4 Kc3 71. Kd5
c4 72. Bxd4+ Kd3 73. Be3 Kxe3 74. Kxc4 {
Game drawn because neither player has mating material} 1/2-1/2

[Event "ICS rated bullet match"]
[Site "207.99.83.227"]
[Date "1999.03.18"]
[Round "?"]
[White "JSBach"]
[Black "Hossa"]
[Result "0-1"]
[WhiteElo "2146"]
[BlackElo "2361"]
[PlyCount "78"]

1. d4 Nf6 2. Nf3 e6 3. Bd2 Be7 4. c4 O-O 5. g3 d5 6. c5 b6 7. Qc1 bxc5 8. dxc5
Ne4 9. Be3 c6 10. b4 Na6 11. Qb2 Rb8 12. a3 Bf6 13. Bd4 Naxc5 14. Bxf6 Nxf6 15.
Qd4 Nb3 16. Qf4 e5 17. Qxe5 Qb6 18. Ra2 Ng4 19. e3 Nxe5 20. Nxe5 c5 21. Nc3
cxb4 22. Nxd5 Qc5 23. Bg2 Ba6 24. f4 bxa3 25. Nd7 Qd6 26. Nxb8 Rxb8 27. Kf2 Nc5
28. Rd1 Rb2+ 29. Rxb2 axb2 30. e4 Nd3+ 31. Kf3 Nc1 32. Nc3 Be2+ 33. Ke3 Bxd1
34. f5 Qd3+ 35. Kf2 Qxc3 36. Kf1 Qd3+ 37. Kg1 Qe3+ 38. Kf1 Be2+ 39. Ke1 39...
Nd3# {JSBach checkmated} 0-1

[Event "ICS Rated blitz match"]
[Site "207.99.83.227"]
[Date "1999.03.18"]
[Round "?"]
[White "Hossa"]
[Black "Gromit211"]
[Result "0-1"]
[WhiteElo "2428"]
[BlackElo "2650"]
[Annotator "Crafty v16.6"]
[PlyCount "66"]

{annotating for player Hossa using a scoring margin of +0.10 pawns. search
time limit is 12.00} 1. e4 1... c5 2. Bc4 e6 3. Nc3 a6 4. a4 ({9:+0.06} 4. a4
4... Nf6 5. e5 d5 6. exd6 Bxd6 7. Nf3 Nc6 8. O-O 8... O-O $10) ({9:+0.32} 4.
Nf3 4... Nc6 5. d4 b5 6. Be2 b4 7. Na4 cxd4 8. Nxd4 8... Nge7 $14) 4... Nf6 5.
e5 d5 6. exf6 dxc4 7. fxg7 Bxg7 8. Nf3 Nc6 9. O-O e5 10. Ne4 f5 11. Ng3 e4 12.
Qe2 Qe7 13. Ne1 Nd4 14. Qe3 ({9:-0.45} 14. Qe3 14... Be5 15. Qh6 Be6 16. Kh1
Bxg3 17. fxg3 O-O-O 18. Qf4 18... Rhg8 $15) ({9:-0.13} 14. Qh5+ 14... Qf7 15.
Qxf7+ Kxf7 16. d3 cxd3 17. cxd3 Nb3 18. Rb1 Nxc1 19. Rxc1 Bxb2 20. Rxc5 20...
Bd4 $10) 14... Be5 15. Qh6 Be6 16. Qh5+ Bf7 17. Qh3 Bxg3 18. fxg3 O-O-O 19. Kh1
Rhg8 20. g4 fxg4 21. Qxh7 Rh8 22. Rxf7 Rhf8 23. Qh5 Qxf7 24. Qxg4+ Rd7 25. h4
Qf1+ 26. Kh2 Qxe1 27. Qg5 Rf1 28. Kh3 Rg7 29. Qxc5+ Nc6 30. Qg5 Rxg5 31. hxg5
Ne5 32. g4 Rh1+ 33. Kg2 Qg1# 0-1

[Event "ICS Rated blitz match"]
[Site "207.99.83.227"]
[Date "1999.03.18"]
[Round "?"]
[White "Hossa"]
[Black "rb"]
[Result "1/2-1/2"]
[WhiteElo "2421"]
[BlackElo "2417"]
[PlyCount "53"]

1. e4 e5 2. Nf3 Nc6 3. Bc4 Bc5 4. c3 Nf6 5. d4 exd4 6. e5 d5 7. exf6 dxc4 8.
fxg7 Rg8 9. cxd4 Nxd4 10. O-O Rxg7 11. Re1+ Be6 12. Nc3 Qf6 13. Kh1 O-O-O 14.
Ne4 Bh3 15. Nfg5 Bxg2+ 16. Kxg2 Qf5 17. Kh1 Bb4 18. Ng3 Qc5 19. N5e4 Qc6 20.
Bd2 Nc2 21. Qxc2 Rxd2 22. Qxd2 Bxd2 23. Nf5 Qd7 24. Nf6 Qc6+ 25. Ne4 Qd7 26.
Nf6 Qc6+ 27. Ne4 {Game drawn by repetition} 1/2-1/2

[Event "ICS rated blitz match"]
[Site "207.99.83.227"]
[Date "1999.03.18"]
[Round "?"]
[White "JudgeTurpin"]
[Black "Hossa"]
[Result "0-1"]
[WhiteElo "2476"]
[BlackElo "2421"]
[PlyCount "120"]

1. e4 d6 2. c4 Nf6 3. d3 e5 4. Nc3 Be7 5. Nd5 Nxd5 6. cxd5 c6 7. Qa4 O-O 8. Qc4
cxd5 9. exd5 Nd7 10. Be3 Nf6 11. Ne2 b6 12. Rc1 Bb7 13. Nc3 Rc8 14. Qa4 a6 15.
Qb3 Nd7 16. Be2 Nc5 17. Qd1 b5 18. b4 Nd7 19. O-O Nf6 20. Qb3 Re8 21. f4 exf4
22. Bxf4 Qb6+ 23. Kh1 Qd4 24. a3 Nxd5 25. Ne4 Nxf4 26. Rxc8 Rxc8 27. Rxf4 Rc1+
28. Rf1 Bd5 29. Rxc1 Bxb3 30. Bf1 Qb2 31. Rc8+ Bf8 32. Ng3 Be6 33. Re8 Qxa3 34.
Ra8 Qa1 35. h4 Bd5 36. Rb8 Qf6 37. h5 Qh4+ 38. Kg1 Qxg3 39. Re8 h6 40. Re2 Qxd3
41. Rf2 Qd4 42. g3 Qg4 43. Re2 Qxg3+ 44. Bg2 Bxg2 45. Rxg2 Qe1+ 46. Kh2 Qh4+
47. Kg1 Qxb4 48. Rh2 a5 49. Rg2 a4 50. Rh2 a3 51. Rf2 Qg4+ 52. Kf1 Qxh5 53. Kg2
Qg4+ 54. Kf1 Be7 55. Ra2 Qc4+ 56. Kg2 Qxa2+ 57. Kf3 f5 58. Ke3 Bg5+ 59. Kf3 Bf4
60. Kxf4 60... Qf2# {JudgeTurpin checkmated} 0-1

[Event "ICS Rated blitz match"]
[Site "207.99.83.227"]
[Date "1999.03.18"]
[Round "?"]
[White "Gromit211"]
[Black "Hossa"]
[Result "1-0"]
[WhiteElo "2657"]
[BlackElo "2440"]
[Annotator "Crafty v16.6"]
[PlyCount "205"]

{annotating for player Hossa using a scoring margin of +0.10 pawns. search
time limit is 12.00} 1. c4 1... e5 2. Nc3 Nf6 3. Nf3 Nc6 4. a3 d6 ({8:-0.05} 
4... d6 5. d3 Be7 6. Bg5 Ng4 7. Bxe7 Nxe7 8. h3 8... Nf6 $10) ({8:+0.12} 4...
d5 5. cxd5 Nxd5 6. e4 Nxc3 7. bxc3 Qd7 8. d3 Bc5 9. Bg5 $10) 5. e3 Bg4 6. Be2
e4 ({8:-0.23} 6... e4 7. Nd4 Nxd4 8. exd4 Bxe2 9. Qxe2 Qe7 10. O-O O-O-O 11.
Re1 $10) ({8:-0.12} 6... Qd7 7. O-O Be7 8. h3 Bxf3 9. Bxf3 O-O 10. Nd5 10...
Rad8 $10) 7. Ng5 Bxe2 8. Qxe2 Qe7 9. f3 exf3 10. Nxf3 Qd7 11. d4 O-O-O 12. e4
Re8 13. O-O h6 ({9:+0.49} 13... h6 14. d5 Nd8 15. Nd4 Kb8 16. Bf4 Ng4 17. Ncb5
17... Be7 $15) ({9:+0.72} 13... Nxe4 14. Nxe4 f5 15. Nxd6+ Bxd6 16. Qd3 Ne5 17.
Nxe5 Bxe5 18. Be3 18... Rhf8 $17) 14. b4 Qg4 15. b5 Nd8 16. Re1 Ne6 17. Nd1 Ng5
18. Bxg5 hxg5 19. Nf2 Qh5 20. h3 g4 21. Nd2 gxh3 22. Qxh5 Nxh5 23. Nxh3 Be7 24.
Re3 Bf6 25. Nb3 Rh6 26. Rf1 Rg6 27. Rff3 Re7 28. a4 Kb8 29. a5 Kc8 30. a6 bxa6
31. bxa6 c5 32. dxc5 dxc5 33. Rf5 Bd4 34. Nxd4 cxd4 35. Rd3 Ng3 36. Rc5+ Rc7
37. Rg5 Nxe4 38. Rxg6 fxg6 39. Rxd4 Nf6 40. Nf4 Rc6 41. Nxg6 Rxa6 42. Ne7+ Kb7
43. c5 Ra2 44. Rb4+ Kc7 45. c6 Kd6 46. Rb7 Ng4 47. g3 Ra3 48. c7 Rxg3+ 49. Kh1
Nf2+ 50. Kh2 Rc3 51. c8=Q Rxc8 52. Nxc8+ Ke6 53. Rxg7 a5 54. Rg6+ Ke5 55. Rg5+
Kd4 56. Nd6 a4 57. Ra5 Nd3 58. Rxa4+ Ke5 59. Ra8 Nf4 60. Rd8 Kd5 61. Nf5+ Ke4
62. Ne7 Ne6 63. Ra8 Nd4 64. Rc8 Kf4 65. Kg2 Ke4 66. Nc6 Ne6 67. Ra8 Kd5 68.
Ne7+ Ke4 69. Ra4+ Ke5 70. Ra5+ Kd4 71. Kf3 Nc5 72. Nc6+ Kd5 73. Ne5 Kd4 74. Rb5
Ne6 75. Nc6+ Kc4 76. Rh5 Nc5 77. Ke3 Ne6 78. Ne5+ Kd5 79. Nd3+ Kc6 80. Rh8 Kd6
81. Nf4 Nc5 82. Rh6+ Ke7 83. Rc6 Nd7 84. Nd5+ Kf7 85. Ke4 Nf8 86. Kf5 Ke8 87.
Rc8+ Kf7 88. Rc7+ Ke8 89. Nf6+ Kd8 90. Rf7 Kc8 91. Rxf8+ Kc7 92. Ke5 Kc6 93.
Rc8+ Kb7 94. Rc1 Kb6 95. Kd5 Kb5 96. Rb1+ Ka5 97. Nd7 Ka4 98. Nb6+ Ka3 99. Kc4
Ka2 100. Rb3 Ka1 101. Nd5 Ka2 102. Nc3+ Ka1 103. Rb1# 1-0